| 000 | 00792nam a22002417a 4500 | ||
|---|---|---|---|
| 005 | 20140310183633.0 | ||
| 008 | 131123b xxu||||| |||| 00| 0 eng d | ||
| 020 | _a9780857020765 | ||
| 050 |
_aRC 489.C63 _b.T454 2012 |
||
| 100 | _aThomas, Mike | ||
| 245 |
_aCognitive behaviour therapy case studies / _cMike Thomas and Mandy Drake. |
||
| 260 |
_aLos Angeles : _bSAGE, _c2012. |
||
| 300 |
_a252 p. : _bill. ; _c25 cm. |
||
| 504 | _aIncludes Bibliographic References and Index. | ||
| 521 | _aPSYCH | ||
| 650 |
_aCognitive Therapy _vmethods _xCase Reports. |
||
| 650 |
_aMental Disorders _vtherapy _xCase Reports. |
||
| 650 |
_aCognitive therapy _xCase studies. |
||
| 700 |
_aThomas, Mike. _eeditor |
||
| 700 |
_aDrake, Mandy. _eeditory |
||
| 942 |
_2lcc _cBK _kFOR |
||
| 999 |
_c25661 _d25661 |
||